Movies Quiz

Random Movies or Clickable Quiz

Who's That Movie About? (Part II) Quiz Stats

 Plays Quiz Updated Apr 3, 2014

Support Sporcle.
Go Orange.
Score 0/25 Timer 04:00
0 Plays Today
% Correct
Mark Zuckerberg
94.9%
Moses
94.1%
George W. Bush
90.3%
William Wallace
88.2%
Eva Perón
87.3%
Nelson Mandela
80.5%
Charles Lindbergh
79.4%
Jerry Lee Lewis
79%
Frank Abagnale, Jr.
78.1%
Catherine the Great
76.7%
Joan Crawford
73.5%
Howard Stern
72%
Dian Fossey
69.1%
% Correct
John Nash
68.8%
Idi Amin
66%
George Armstrong Custer
63.9%
Wladyslaw Szpilman
60%
Joseph Merrick
56.3%
James J. Braddock
54.2%
Johannes Vermeer
53.1%
Lon Chaney
47.8%
Bobby Darin
47.7%
Cole Porter
45.4%
Woody Guthrie
27.5%
Stephen Biko
26.5%

You're not logged in!

Compare scores with friends on all Sporcle quizzes.
OR
Log In

From the Vault

Golden State Warriors All-Time Leaders

by Hippo

The Warriors are the only NBA team to be located in a nickname.
Remove Ads.
Support Sporcle.
Get the best of Sporcle when you Go Orange. This ad-free experience offers more features, more stats, and more fun while also helping to support Sporcle. Thank you for becoming a member.

Show Comments

Extras

Top Quizzes Today


Score Distribution

Your Account Isn't Verified!

In order to create a playlist on Sporcle, you need to verify the email address you used during registration. Go to your Sporcle Settings to finish the process.

Report this User

Report this user for behavior that violates our Community Guidelines.

Details: